Analýza súčasného stavu pri zdaňovaní príjmov v Slovenskej republike a perspektívy súvisiace s členstvom Slovenskej republiky v Európskej únii diplomová práca

Gespeichert in:
Bibliographische Detailangaben
1. Verfasser: Karafová, Zuzana
Körperschaft: Národohospodárska fakulta EU. Katedra financií
Weitere Verfasser: Borodovčák, Michal
Format: Buch
Sprache:Slowakisch
Veröffentlicht: Bratislava 2009
Tags: Tag hinzufügen
Keine Tags, Fügen Sie das erste Tag hinzu!

MARC

LEADER 00000nam$a2200000$$$4500
001 0096635
005 20240318141220.7
041 0 |a slo 
044 |a SK 
245 1 0 |a Analýza súčasného stavu pri zdaňovaní príjmov v Slovenskej republike a perspektívy súvisiace s členstvom Slovenskej republiky v Európskej únii  |b diplomová práca  |c Zuzana Karafová ; škol. Michal Borodovčák 
264 1 |a Bratislava  |c 2009 
300 |a 78 s. 
100 1 |a Karafová, Zuzana 
700 1 |a Borodovčák, Michal 
710 2 |a Národohospodárska fakulta EU. Katedra financií